Statistics for Biggest Cities in Named Areas

Click here to take the quiz!

General Stats

  • This quiz has been taken 534 times
  • The average score is 13 of 15

Answer Stats

Biggest City in...PopulationCity% Correct
Australia4.4 mSydney
97%
The World34.4 mTokyo
96%
Europe16.5 mMoscow
95%
United States21.6 mNew York City
95%
Africa16.1 mCairo
93%
North America23.8 mMexico City
92%
India24.0 mNew Delhi
92%
Indonesia26.4 mJakarta
91%
South America21.5 mSao Paulo
90%
France10.7 mParis
83%
Scandinavia2.1 mStockholm
81%
Iberian Peninsula5.4 mMadrid
80%
China31.7 mGuangzhou
79%
The Middle East13.8 mIstanbul
67%
Apenine Peninsula3.3 mRome
57%

Score Distribution

Percentile by Number Answered

Percent of People with Each Score

Your Score History

You have not taken this quiz